000 00692nam a22002177a 4500
003 UA-OsUOA
001 82115
007 ta
008 20120221b un ||||| |||| 00| 0 ukr d
100 _aСюндюков І.
090 _a82
_bС98
942 _cSA
040 _aUA-OsUOA
_bukr
_cUA-OsUOA
_dUA-OsUOA
245 _aВільна нація вільних людей. Публіцистична творчість Івана Франка як пророча антитолітарна "протиотрута"
300 _aС.8
955 _a0
041 _aukr
080 _a82
773 0 _w82112
650 7 _a82 Література. Літературознавство
_2UDC
999 _c368419
_d368419